000 00558nam a2200193 4500
003 OSt
005 20150511190941.0
008 150511b xxu||||| |||| 00| 0 eng d
020 _a9780443103988
040 _c040a
082 _aW 20.5
_bP833f 2008
100 _aPorter, Stuart
_9150
245 _aFirst steps in research :
_ba pocketbook for healthcare students /
_c Stuart Porter
260 _aEdinburgh
_bChurchill Livingstone
_c2008
300 _axiii, 237p ;
_bill :
_c5 cm.
504 _aincludes index
650 _aResearch
_93727
942 _2ddc
_cSLOAN
999 _c1745
_d1745